000
00283nam a22001337a 4500
008
170612b xxu||||| |||| 00| 0 eng d
020
_a
9781591857907
041
_a
eng
080
_a
94(100)
100
_a
19
101
_a
SWHH
245
_a
THE AZUSA STREET
942
_2
udc
_c
BK
999
_c
17057
_d
17057